1142 1691 1570 1384 1782 1576 1803 1667 1995 1396 1808 1441 1602 1999 1576 1526 1502 1160 1321 1182 1899 1073 1418 1211 1642 1939 1098 1232 1318 1828 1863 1613 1572 1437 1319 1997 1378 1920 1811 1210 1740 1902 1528 1539 1365 1741 1721 1593 1126 1185 1649 1664 1252 1824 1715 1515 1182 1292 1550 1556 1197 1142 1650 1211 1765 1222 1579 1441 1469 1895 1299 1638 1827 1191 1761 1292 1044 1876 1170 1470 1484 1348 1577 1895 1054 1229 1200 1836 1796 1404 1775 1514 1130 1513 1477 1235 1674 1023 1373 BCNSPRNW ULIB Ver.6.0+V

เปลี่ยนเป็นภาษาไทย

Change to English
 แสดงรายละเอียดบรรณานุกรม
  กลับหน้าหลัก

Brief Record : Get Marc (ISO 2709) : E-mail record : QR code < ปิดหน้าต่าง
LEADER : 00000nam 2200000uu 4500
001    13399120720
003     ULIB
008    121005s2552||||th 000 0 tha d
020    ^a9786117115004
050  4 ^aBQ4190^bศ722ป ล.3
100 0  ^aศุภวรรณ พิพัฒพรรณวงศ์ กรีน
245 10 ^aปฏิบัติการไล่หนูออกจากบ้าน ;^nเล่ม 3 /^cศุภวรรณ พิพัฒพรรณวงศ์ กรีน ;[เรียบเรียงโดย ส้มซ่า]
250    ^aพิมพ์ครั้งที่ 1
260    ^aกรุงเทพฯ:^bฟรีมายด์,^c2552
300    ^a149, [3] หน้า :^bภาพประกอบ ;^c21 ซม
440  0 ^aชุดการ์ตูนธรรมะ
650  7 ^aสติปัฎฐานสี่
650  7 ^aวิปัสสนา
945    ^p140^l0^i16203
995    ^aทศพร
999    ^aทศพร เกษรทอง
รายการนี้ยังไม่มีแท็ก
คุณยังไม่ได้ล็อกอิน คุณสามารถมีกิจกรรมร่วมกับเว็บไซต์ได้ แต่ต้องล็อกอินก่อน ::
  ล็อกอิน

รายการสื่อสารสนเทศ

ลำดับที่ ประเภท เลขเรียก/บาร์โค้ด สถานที่ สถานะ
1. วิทยาศาสตร์การแพทย์ และสุขภาพ
วิทยาศาสตร์การแพทย์ และสุขภาพ
BQ4190 ศ722ป ล.3 ฉ.1 
  Barcode: 16203
ห้องสมุดวิทยาเขตสวรรค์ประชารักษ์
►หนังสือทั่วไป
บนชั้น

รายการใกล้เคียง
    ผู้แต่ง [ศุภวรรณ พิพัฒพรรณวงศ์ กรีน]

    หัวเรื่อง [สติปัฎฐานสี่]
    หัวเรื่อง [วิปัสสนา]

BibComment


ยังไม่เคยถูกคอมเมนท์

คอมเมนท์ทรัพยากรรายการนี้
  คอมเมนท์: ปฏิบัติการไล่หนู..


 Copyright 2026. Bcnsprnw @Library